000 01270cam a2200349 a 4500
001 13975672
005 20230104164054.0
008 050430s2004 ii af b 001 0 eng
035 _a(DLC) 2005317670
906 _a7
_bcbc
_corigode
_d3
_encip
_f20
_gy-gencatlg
925 0 _aacquire
_b1 shelf copy
_xpolicy default
955 _dys15 2005-12-06
_eys12 2006-01-10 to BCCD
010 _a 2005317670
020 _a818090072X
025 _aI-E-2005-317670; 67-26
037 _bLibrary of Congress -- New Delhi Overseas Office
_cRs1500.00
040 _aDLC
_cDLC
042 _alcode
043 _aa-ii---
050 0 0 _aNA497.I4
_bQ74 2004
100 1 _aQureshi, Dulari.
245 1 0 _aFort of Daulatabad /
_cDulari Qureshi.
260 _aDelhi :
_bBharatiya Kala Prakashan,
_c2004.
300 _axiv, 114 p., [32] p. of plates :
_bill. (some col.) ;
_c28 cm.
520 _aOn the architecture of the fort.
504 _aIncludes bibliographical references (p. [105]-109) and index.
650 0 _aMilitary architecture
_zIndia
_zDaulatabad.
650 0 _aFortification
_zIndia
_zDaulatabad.
650 0 _aHistoric buildings
_xConservation and restoration
_zIndia
_zDaulatabad.
985 _eODE-nd
991 _bc-GenColl
_oam
_p00136801387
999 _c11184
_d11184